تأثير كونفوشيوس والكونفوشيوسية في المجتمع الصيني : (رقم التسجيلة. 180677)
[ عرض عادي ]
| 000 -LEADER | |
|---|---|
| fixed length control field | 04249namaa22004331i 4500 |
| 003 - CONTROL NUMBER IDENTIFIER | |
| control field | OSt |
| 005 - أخر تعامل مع التسجيلة | |
| control field | 20260701123230.0 |
| 008 - FIXED-LENGTH DATA ELEMENTS--GENERAL INFORMATION | |
| fixed length control field | 250827s2024 ua a|||frm||| 000 0 eng d |
| 040 ## - CATALOGING SOURCE | |
| Original cataloguing agency | EG-GICUC |
| Language of cataloging | ara |
| Transcribing agency | EG-GICUC |
| Modifying agency | EG-GICUC |
| Description conventions | rda |
| 041 0# - LANGUAGE CODE | |
| Language code of text/sound track or separate title | ara |
| Language code of summary or abstract | ara |
| -- | eng |
| 049 ## - Acquisition Source | |
| Acquisition Source | إيداع |
| 082 04 - DEWEY DECIMAL CLASSIFICATION NUMBER | |
| Classification number | 181.112 |
| 092 ## - LOCALLY ASSIGNED DEWEY CALL NUMBER (OCLC) | |
| Classification number | 181.112 |
| Edition number | 21 |
| 097 ## - Degree | |
| Degree | مــــاجستير |
| 099 ## - LOCAL FREE-TEXT CALL NUMBER (OCLC) | |
| Local Call Number | Cai01.02.09.M.A.2024.يم.ت |
| 100 0# - MAIN ENTRY--PERSONAL NAME | |
| Authority record control number or standard number | ،يمنى صبري محمود |
| Preparation | إعداد. |
| 245 10 - TITLE STATEMENT | |
| Title | تأثير كونفوشيوس والكونفوشيوسية في المجتمع الصيني : |
| Remainder of title | دراسة ثقافية / |
| Statement of responsibility, etc. | إعداد يمنى صبري محمود؛ إشراف أ.د/ رحاب محمود أحمد صبح، أ.د/مصطفي النشار، أ.د/ خوا جين. |
| 246 15 - VARYING FORM OF TITLE | |
| Title proper/short title | The effect of confucius and confucianism in the chinese society : |
| Remainder of title | Cultural study / |
| 264 #0 - PRODUCTION, PUBLICATION, DISTRIBUTION, MANUFACTURE, AND COPYRIGHT NOTICE | |
| Date of production, publication, distribution, manufacture, or copyright notice | 2024. |
| 300 ## - PHYSICAL DESCRIPTION | |
| Extent | 171 صفحة : |
| Other physical details | إيضاحيات ؛ |
| Dimensions | 25 سم. + |
| Accompanying material | CD. |
| 336 ## - CONTENT TYPE | |
| Content type term | text |
| Source | rda content |
| 337 ## - MEDIA TYPE | |
| Media type term | Unmediated |
| Source | rdamedia |
| 338 ## - CARRIER TYPE | |
| Carrier type term | volume |
| Source | rdacarrier |
| 502 ## - DISSERTATION NOTE | |
| Dissertation note | أطروحة (ماجستير)-جامعة القاهرة، 2024. |
| 504 ## - BIBLIOGRAPHY, ETC. NOTE | |
| Bibliography, etc. note | ببليوجرافيا: صفحات 128-133. |
| 520 ## - SUMMARY, ETC. | |
| Summary, etc. | يسلط البحث الضوء علي الفلسفة الصينية، حيث أن الفلسفة الصينية لها دور مهم وكبير علي الحضارة الصينية والثقافة الصينية، كما إنه يسلط الضوء علي كونفوشيوس والتعاليم الكونفوشيوسية، لان كونفوشيوس هو المعلم والمفكر والفيلسوف الحكيم في الصين، وكذلك الأفكار الكونفوشيوسية التي احتلت المكانه الفكرية في المجتمع الإقطاعي الصيني علي مدار ألفي عام تقريبا، ولذلك فهي ترسخت وانسجمت في كل حياة المجتمع الصيني تقريبا ، ومازالت حتي الان لها تأثير عميق في مجالات معينة، حتي إنها وصلت إلي بلاد أخري وأحدثت تأثيرا. وينقسم البحث إلي ثلاثة فصول والخاتمة ، ففي الفصل الاول تكلمت عن الفلسفة الصينية وجوهرها وخصائصها ومراحل تطورها، وفي الفصل الثاني تكلمت عن حياة كونفوشيوس وتعاليمه ومكانته في المجتمع الصيني، وفي الفصل الثالث تكلمت عن مراحل تطور الكونفوشيوسية وتأثيرها الحالي والافكار المعارضة لها وتأثيرها في البلاد الاخري. |
| 520 ## - SUMMARY, ETC. | |
| Summary, etc. | This research focuses on Chinese philosophy, Chinese philosophy has an important role on Chinese culture. It also focuses on Confucius and Confucianism teachings.The research is divided into three chapters and the conclusion. In the first chapter, I talked about Chinese philosophy, its essence, characteristics, and stages of development. In the second chapter, I talked about the life of Confucius, his teachings, and his place in Chinese society. In the third chapter, I talked about the stages of development of Confucianism, its current influence, the ideas opposing it, and its influence in other countries. |
| 530 ## - ADDITIONAL PHYSICAL FORM AVAILABLE NOTE | |
| Issues CD | صدر أيضًا كقرص مدمج. |
| 546 ## - LANGUAGE NOTE | |
| Text Language | النص بالعربية والملخص باللغة الإنجليزية والعربية. |
| 650 #7 - SUBJECT ADDED ENTRY--TOPICAL TERM | |
| Topical term or geographic name entry element | الفلسفة الكونفوشية |
| Source of heading or term | qrmak |
| 653 #0 - INDEX TERM--UNCONTROLLED | |
| Uncontrolled term | الفلسفة الصينية |
| -- | مراحل الفلسفة الصينية |
| -- | تأثير كونفوشيوس |
| 700 0# - ADDED ENTRY--PERSONAL NAME | |
| Personal name | رحاب محمود أحمد صبح |
| Relator term | مشرف أطروحة. |
| 700 0# - ADDED ENTRY--PERSONAL NAME | |
| Personal name | مصطفي النشار |
| Relator term | مشرف أطروحة. |
| 700 0# - ADDED ENTRY--PERSONAL NAME | |
| Personal name | خوا جين |
| Relator term | مشرف أطروحة. |
| 900 ## - Thesis Information | |
| Grant date | 04-01-2024 |
| Supervisory body | رحاب محمود أحمد صبح |
| -- | مصطفي النشار |
| -- | خوا جين |
| Universities | جامعة القاهرة |
| Faculties | كلية الآداب |
| Department | قسم اللغة الصينية |
| 905 ## - Cataloger and Reviser Names | |
| Cataloger Name | Sara Salah |
| 942 ## - ADDED ENTRY ELEMENTS (KOHA) | |
| Source of classification or shelving scheme | Dewey Decimal Classification |
| Koha item type | Thesis |
| Edition | 21 |
| Suppress in OPAC | No |
لا توجد مواد متاحة.